Statistiques concernant Départements français aléatoires sur une carte de France sans frontières

Cliquez ici pour prendre le quiz!

Statistiques générales

  • Ce quiz a été pris 1 054 fois
  • Le résultat moyen est 17 sur 20

Réponses sur la Carte

Les réponses sont colorées sur une échelle allant du rouge au vert en fonction du pourcentage des utilisateurs qui les ont devinées à leur premier essai. Vous pouvez retrouver ces pourcentages ci-dessous.
 

Statistiques - réponses

Départements% Correct
Calvados
98%
Morbihan
98%
Nord
98%
Vendée
96%
Gironde
95%
Alpes-Maritimes
94%
Corrèze
94%
Haute-Corse
94%
Pas-de-Calais
94%
Charente-Maritime
93%
Finistère
93%
Paris
93%
Pyrénées-Atlantiques
93%
Savoie
93%
Somme
93%
Bouches-du-Rhône
92%
Var
92%
Hérault
91%
Landes
91%
Loire-Atlantique
91%
Lot
91%
Puy-de-Dôme
91%
Rhône (et métropole de Lyon)
91%
Sarthe
91%
Corse-du-Sud
90%
Côte-d'Or
90%
Dordogne
90%
Oise
90%
Pyrénées-Orientales
90%
Vaucluse
90%
Creuse
89%
Haute-Savoie
89%
Marne
89%
Moselle
89%
Cantal
88%
Côtes-d'Armor
88%
Gers
88%
Haut-Rhin
88%
Ille-et-Vilaine
88%
Meurthe-et-Moselle
88%
Orne
88%
Vosges
88%
Drôme
87%
Meuse
87%
Tarn-et-Garonne
87%
Aisne
86%
Charente
86%
Deux-Sèvres
86%
Eure
86%
Gard
86%
Isère
86%
Jura
86%
Lot-et-Garonne
85%
Aude
84%
Aveyron
84%
Haute-Marne
84%
Hautes-Alpes
84%
Haute-Vienne
84%
Mayenne
84%
Seine-Saint-Denis
84%
Tarn
84%
Hauts-de-Seine
83%
Loire
83%
Vienne
83%
Ain
82%
Ardennes
82%
Ariège
82%
Doubs
82%
Loiret
82%
Manche
82%
Seine-Maritime
82%
Alpes-de-Haute-Provence
81%
Bas-Rhin
81%
Eure-et-Loir
81%
Haute-Garonne
81%
Loir-et-Cher
81%
Ardèche
80%
Essonne
80%
Haute-Loire
80%
Val-d'Oise
80%
Hautes-Pyrénées
79%
Seine-et-Marne
79%
Yonne
79%
Yvelines
79%
Nièvre
78%
Territoire de Belfort
78%
Cher
76%
Lozère
76%
Indre
75%
Indre-et-Loire
74%
Aube
72%
Haute-Saône
71%
Allier
69%
Maine-et-Loire
67%
Val-de-Marne
67%
Saône-et-Loire
65%

Distribution des résultats

Percentile par nombre de réponses

% des personnes avec chaque résultat

Votre développement - résultats

Vous n’avez pas pris ce quiz